000 00838cam a22002537i 4500
001 3920
005 20260318135354.0
020 _a9780312496081 (hardcover)
040 _aDLC
_beng
_erda
_cDLC
_dDLC
082 _a567
100 1 _aPriddy, Roger
_eauthor
245 1 0 _aDinosaurs /
_cRoger Priddy
260 _aNew York :
_bMartin Press ;
_c2005
300 _a10 numbered page :
_bcolor illustrations ;
_c9 cm.
490 0 _aBright baby
490 0 _aChuncky books for fingers
505 _aB
520 _aThis chunky little board book for the littlest hands features fun and bright images of kinds of dinosaurs and the names to read.
521 _a80
_bLexile estimate
521 _aB
_bRaz-Plus
650 0 _aMiniature books
_vSpecimens.
906 _a0
_bibc
_corignew
_d4
_encip
_f20
_gy-gencatlg
942 _2ddc
_cBK
_n0
999 _c3920
_d3920